1113 1314 1505 1832 1415 1213 1455 1569 1939 1021 1150 1784 1909 1273 1108 1997 1142 1091 1713 1287 1929 1373 1790 1947 1394 1980 1194 1827 1098 1866 1532 1429 1171 1321 1445 1013 1109 1757 1328 1628 1671 1267 1370 1969 1192 1677 1695 1399 1627 1751 1329 1445 1150 1338 1905 1200 1573 1441 1560 1413 1243 1477 1195 1805 1597 1894 1320 1365 1541 1949 1669 1021 1617 1186 1873 1930 1689 1053 1284 1707 1413 1807 1940 1204 1875 1927 1302 1787 1411 1096 1572 1398 1433 1144 1309 1598 1452 1456 1577 BCNSPRNW ULIB Ver.6.0+V

เปลี่ยนเป็นภาษาไทย

Change to English
 แสดงรายละเอียดบรรณานุกรม
  กลับหน้าหลัก

Brief Record : Get Marc (ISO 2709) : E-mail record : QR code < ปิดหน้าต่าง
LEADER : 00000nam 2200000uu 4500
001    13399128104
003     ULIB
008    220526s2564||||th 000 0 tha d
020    ^a9786163986184
060 04 ^aWY152.5^bจ415ก
100 0  ^aจิตตวดี เหรียญทอง
245 10 ^aการพยาบาลผู้ที่มีภาวะหัวใจเต้นผิดจังหวะ /^cจิตตวดี เหรียญทอง
250    ^aพิมพ์ครั้งที่ 1
260    ^aเชียงใหม่ :^bโครงการตำราคณะพยาบาลศาสตร์ มหาวิทยาลัยเชียงใหม่,^c2564
300    ^a108 หน้า :^bภาพประกอบ ;^c30 ซม.
650  4 ^aภาวะหัวใจเสียจังหวะ^xการพยาบาล
650  4 ^aหัวใจ, โรค^xการพยาบาล
710 2  ^aมหาวิทยาลัยเชียงใหม่.^bคณะพยาบาลศาสตร์
710 2  ^aมหาวิทยาลัยเชียงใหม่.^bโครงการตำราคณะพยาบาลศาสตร์
945    ^p230^l0^i008823
945    ^p230^l0^i008824
945    ^p230^l0^i008825
945    ^p230^l0^i008826
945    ^p230^l0^i008827
945    ^p230^l0^i008828
945    ^p230^l0^i008829
945    ^p230^l0^i008830
945    ^p230^l0^i008831
945    ^p230^l0^i008833
945    ^p230^l0^i008834
945    ^p230^l0^i008835
945    ^p230^l0^i008836
945    ^p230^l0^i008837
945    ^p230^l0^i008838
999    ^aประนอม เกษจรัล
รายการนี้ยังไม่มีแท็ก
คุณยังไม่ได้ล็อกอิน คุณสามารถมีกิจกรรมร่วมกับเว็บไซต์ได้ แต่ต้องล็อกอินก่อน ::
  ล็อกอิน

รายการสื่อสารสนเทศ

ลำดับที่ ประเภท เลขเรียก/บาร์โค้ด สถานที่ สถานะ
1. Book การพยาบาล
หนังสือสำรอง
สถานะ=หนังสือสำรอง
WY152.5 จ415ก ฉ.1 
  Barcode: 008823
ห้องสมุดวิทยาเขตสวรรค์ประชารักษ์
►หนังสือทั่วไป
บนชั้น
2. Book การพยาบาล
Book การพยาบาล
WY152.5 จ415ก ฉ.10 
  Barcode: 008833
ห้องสมุดวิทยาเขตสวรรค์ประชารักษ์
►หนังสือทั่วไป
บนชั้น
3. Book การพยาบาล
Book การพยาบาล
WY152.5 จ415ก ฉ.11 
  Barcode: 008834
ห้องสมุดวิทยาเขตสวรรค์ประชารักษ์
►หนังสือทั่วไป
บนชั้น
4. Book การพยาบาล
Book การพยาบาล
WY152.5 จ415ก ฉ.12 
  Barcode: 008835
ห้องสมุดวิทยาเขตสวรรค์ประชารักษ์
►หนังสือทั่วไป
บนชั้น
5. Book การพยาบาล
Book การพยาบาล
WY152.5 จ415ก ฉ.13 
  Barcode: 008836
ห้องสมุดวิทยาเขตสวรรค์ประชารักษ์
►หนังสือทั่วไป
บนชั้น
6. Book การพยาบาล
Book การพยาบาล
WY152.5 จ415ก ฉ.14 
  Barcode: 008837
ห้องสมุดวิทยาเขตสวรรค์ประชารักษ์
►หนังสือทั่วไป
บนชั้น
7. Book การพยาบาล
Book การพยาบาล
WY152.5 จ415ก ฉ.15 
  Barcode: 008838
ห้องสมุดวิทยาเขตสวรรค์ประชารักษ์
►หนังสือทั่วไป
บนชั้น
8. Book การพยาบาล
Book การพยาบาล
WY152.5 จ415ก ฉ.2 
  Barcode: 008824
ห้องสมุดวิทยาเขตสวรรค์ประชารักษ์
►หนังสือทั่วไป
บนชั้น
9. Book การพยาบาล
Book การพยาบาล
WY152.5 จ415ก ฉ.3 
  Barcode: 008825
ห้องสมุดวิทยาเขตสวรรค์ประชารักษ์
►หนังสือทั่วไป
บนชั้น
10. Book การพยาบาล
Book การพยาบาล
WY152.5 จ415ก ฉ.4 
  Barcode: 008826
ห้องสมุดวิทยาเขตสวรรค์ประชารักษ์
►หนังสือทั่วไป
บนชั้น
11. Book การพยาบาล
Book การพยาบาล
WY152.5 จ415ก ฉ.5 
  Barcode: 008827
ห้องสมุดวิทยาเขตสวรรค์ประชารักษ์
►หนังสือทั่วไป
บนชั้น
12. Book การพยาบาล
Book การพยาบาล
WY152.5 จ415ก ฉ.6 
  Barcode: 008828
ห้องสมุดวิทยาเขตสวรรค์ประชารักษ์
►หนังสือทั่วไป
ถูกยืม กำหนดส่งวันที่ 30 มกราคม 2569
  จอง
13. Book การพยาบาล
Book การพยาบาล
WY152.5 จ415ก ฉ.7 
  Barcode: 008829
ห้องสมุดวิทยาเขตสวรรค์ประชารักษ์
►หนังสือทั่วไป
บนชั้น
14. Book การพยาบาล
Book การพยาบาล
WY152.5 จ415ก ฉ.8 
  Barcode: 008830
ห้องสมุดวิทยาเขตสวรรค์ประชารักษ์
►หนังสือทั่วไป
บนชั้น
15. Book การพยาบาล
Book การพยาบาล
WY152.5 จ415ก ฉ.9 
  Barcode: 008831
ห้องสมุดวิทยาเขตสวรรค์ประชารักษ์
►หนังสือทั่วไป
บนชั้น

รายการใกล้เคียง
    ผู้แต่ง [จิตตวดี เหรียญทอง]

BibComment


ยังไม่เคยถูกคอมเมนท์

คอมเมนท์ทรัพยากรรายการนี้
  คอมเมนท์: การพยาบาลผู้ที่ม..


 Copyright 2026. Bcnsprnw @Library